Educating for diversity : (Record no. 85934)

MARC details
000 -CABECERA
campo de control de longitud fija 00711nam a22002053a 4500
005 - FECHA Y HORA DE LA ÚLTIMA TRANSACCIÓN
campo de control 20210223124407.0
008 - ELEMENTOS DE LONGITUD FIJA--INFORMACIÓN GENERAL
campo de control de longitud fija 010925s1995 ea r 000 0 eng d
020 ## - NÚMERO INTERNACIONAL NORMALIZADO PARA LIBROS
Número Internacional Estándar del Libro 0205165737
035 ## - NÚMERO DE CONTROL DEL SISTEMA
Número de control de sistema UPN01000112026
049 ## - COLECCIÓN
Colección CG
050 #4 - SIGNATURA TOPOGRÁFICA DE LA BIBLIOTECA DEL CONGRESO
Número de clasificación LC1099.3
Número de documento/Ítem E2.8
245 00 - MENCIÓN DE TÍTULO
Título Educating for diversity :
Resto del título an anthology of multicultural voices /
Mención de responsabilidad, etc. ed. Carl A. Grant.
260 ## - PUBLICACIÓN, DISTRIBUCIÓN, ETC.
Lugar de publicación, distribución, etc. Boston, Mass. :
Nombre del editor, distribuidor, etc. Allyn and Bacon,
Fecha de publicación, distribución, etc. c1995.
300 ## - DESCRIPCIÓN FÍSICA
Extensión 424 p.
500 ## - NOTA GENERAL
Nota general "Sponsored by Association of Teacher Educators"
650 #4 - ASIENTO SECUNDARIO DE MATERIA - TERMINO TEMATICO
Término de materia o nombre geográfico como elemento de entrada EDUCACION INTERCULTURAL -
Subdivisión geográfica ESTADOS UNIDOS
9 (RLIN) 16961
650 #4 - ASIENTO SECUNDARIO DE MATERIA - TERMINO TEMATICO
Término de materia o nombre geográfico como elemento de entrada PLURALISMO (CIENCIAS SOCIALES) -
Subdivisión general ESTUDIO Y ENSEÑANZA -
Subdivisión geográfica ESTADOS UNIDOS
9 (RLIN) 1173
700 1# - ASIENTO SECUNDARIO--NOMBRE DE PERSONAL
Nombre de persona Grant, Carl A.,
Término indicativo de función/relación ed.
905 ## - TIPO DE MATERIAL
Tipo de material Libro
Holdings
Estado de retiro Estado de pérdida Fuente del sistema de clasificación o colocación Estado dañado No para préstamo Código de colección Localización permanente Ubicación/localización actual Ubicación en estantería Total de préstamos Clasificación Código de barras Fecha visto por última vez Número de copia Tipo de ítem Koha
    Library of Congress Classification     Colección General Bib. Gregorio Torres Quintero Bib. Gregorio Torres Quintero Planta baja 3 LC1099.3 E2.8 171402 31/12/2020 1 Libro
    Library of Congress Classification     Colección General Bib. Gregorio Torres Quintero Bib. Gregorio Torres Quintero Planta baja 1 LC1099.3 E2.8 186310 31/12/2020 1 Libro
    Library of Congress Classification     Colección General Bib. Gregorio Torres Quintero Bib. Gregorio Torres Quintero Planta baja 1 LC1099.3 E2.8 186309 31/12/2020 1 Libro
    Library of Congress Classification     Colección General Bib. Gregorio Torres Quintero Bib. Gregorio Torres Quintero Planta baja 1 LC1099.3 E2.8 186568 31/12/2020 1 Libro